Vida militar del general Martín Zurbano, sus hijos y cuñado / (Record no. 166455)

MARC details
000 -LEADER
campo de control de longitud fija 00647nam a22001815i 4500
001 - NÚMERO DE CONTROL
campo de control 166455
003 - IDENTIFICADOR DE NÚMERO DE CONTROL
campo de control ES-MaACL
005 - FECHA Y HORA DE LA ÚLTIMA TRANSACCIÓN
campo de control 20230906213335.0
008 - DATOS DE LONGITUD FIJA--INFORMACIÓN GENERAL
campo de control de longitud fija 010405s1845 sp |||| |bspa d
040 ## - FUENTE DE CATALOGACIÓN
Centro catalogador/agencia de origen CCPB | B
Lengua de catalogación spa
Centro/agencia transcriptor CCPB | B
100 1# - ENTRADA PRINCIPAL--NOMBRE DE PERSONA
Nombre de persona Toro, Manuel de.
9 (RLIN) 133306
245 10 - MENCIÓN DEL TÍTULO
Título Vida militar del general Martín Zurbano, sus hijos y cuñado /
Mención de responsabilidad, etc. escrita en verso heróico por Manuel de Toro.
260 ## - PUBLICACIÓN, DISTRIBUCIÓN, ETC.
Lugar de publicación, distribución, etc. Madrid :
Nombre del editor, distribuidor, etc. [s.n.],
Fecha de publicación, distribución, etc. 1845 (
Fabricante imprenta de la Sociedad de Operarios del mismo Arte)
300 ## - DESCRIPCIÓN FÍSICA
Extensión 232 p. ;
Dimensiones 26 cm.
600 14 - PUNTO DE ACCESO ADICIONAL DE MATERIA--NOMBRE DE PERSONA
Nombre de persona Zurbano, Martín.
9 (RLIN) 139128
752 ## - ENTRADA AGREGADA--NOMBRE JERÁRQUICO DEL LUGAR
País o entidad superior España -
Ciudad Madrid
852 ## - LOCALIZACIÓN
Ubicación ES-MaACL
Número de control de estantería C-1726
Nota libre -- Enc. hol.
Holdings
Estatus retirado Estado de pérdida Estado de daño No para préstamo Colección Biblioteca de origen Biblioteca actual Ubicación en estantería Fecha de adquisición Fuente de adquisición Total de préstamos Signatura topográfica completa Código de barras Visto por última vez Precio de reemplazo Tipo de ítem Koha
        Libros del s. XIX Biblioteca del Ateneo de Madrid Biblioteca del Ateneo de Madrid Sala Palomar 17/01/2008     C-1726 1174577 23/02/2023 23/02/2023 Libro impreso antiguo